Vista normal Vista MARC

Entrada Topical Term

Número de registros utilizados en: 2

001 - CONTROL NUMBER

  • control field: 19957

003 - CONTROL NUMBER IDENTIFIER

  • control field: OSt

005 - DATE AND TIME OF LATEST TRANSACTION

  • control field: 20230915230743.0

008 - FIXED-LENGTH DATA ELEMENTS

  • fixed length control field: 230915|| aca||aabn | a|a d

040 ## - CATALOGING SOURCE

  • Original cataloging agency: OSt
  • Transcribing agency: OSt

150 ## - HEADING--TOPICAL TERM

  • Topical term or geographic name entry element: EQUILIBRIO INTERNACIONAL

670 ## - SOURCE DATA FOUND

  • Source citation: Work cat.: (OSt)24400: Silva M., Jose A. 19956, Política y bloques de poder : , 1976









Instituto Departamental de Cultura del Meta - Red Departamental de Bibliotecas Públicas del Meta.